000 00609nam a22002177a 4500
999 _c2653
_d2653
003 OSt
005 20230803083544.0
008 230803b ||||| |||| 00| 0 eng d
020 _a9789671966761
040 _cKH8
082 _a400 SYA
100 _aSyahril Othman,
_eauthor.
245 _aIGCSE Malay Grammar Volume 3 A /
_cSyahril Othman.
250 _aSecond edition
260 _aMalaysia:
_bSyahril Education Enterprise.
300 _a100 pages,
_billustrations.
440 _aIGCSE Malay Grammar
_v3 A
651 _aMalaysia
_vMalay language
651 _aMalaysia
_vMalay grammar
942 _2ddc
_cTR